| 000 | 00699nam a2200289 a 4500 | ||
|---|---|---|---|
| 001 | 30436 | ||
| 003 | AR-BaAGN | ||
| 005 | 20231116145648.0 | ||
| 007 | ta | ||
| 008 | 220625s2019 ag |||||r|||| ||||||spa d | ||
| 020 | _a978-950-49-6416-2 | ||
| 040 |
_dAR-BaAGN _aAR-BaAGN _bspa _eaacr |
||
| 100 | 1 | _aYorio, María Rosa | |
| 245 | 1 | 0 | _aAsesínenme |
| 250 | _a1ª ed. | ||
| 260 |
_aBuenos Aires : _bPlaneta, _c2019. |
||
| 300 |
_a216 páginas : _bil. |
||
| 336 |
_2rdacontent _btxt |
||
| 337 |
_2rdamedia _bn |
||
| 338 |
_2rdacarrier _bnc |
||
| 600 | 1 | 4 | _aYorio, María Rosa |
| 650 | 4 |
_aBIOGRAFÍA _91475 |
|
| 650 | 4 |
_aMÚSICA _91536 |
|
| 942 | _cLIBRO | ||
| 999 |
_c30436 _d30436 |
||